| 000 | 00972nam a2200217Ia 4500 | ||
|---|---|---|---|
| 999 |
_c35473 _d35473 |
||
| 001 | 1332 | ||
| 003 | GE_BSU | ||
| 005 | 20200319190001.0 | ||
| 008 | 181216s2011||||ge |||||||||||||| ||geo|| | ||
| 040 | _cGE_BSU | ||
| 041 | _ageo | ||
| 080 | _a159.9.072 ფ–96 | ||
| 245 |
_aფსიქოლოგიური გამოკვლევები .V / _cრედ : ნოდარ ბარამიძე ; გურამ ჩაგანავა. |
||
| 264 |
_aბათუმი : _bშოთა რუსთაველის სახ. უნ–ტი, _c2011. |
||
| 300 |
_a128 გვ.: _c19 სმ.. |
||
| 653 | _aფსიქოლოგია | ||
| 653 | _aფსიქოლოგიური გამოკვლევები. V | ||
| 700 |
_aბარამიძე, ნოდარ _eრედაქტორი _97759 |
||
| 700 |
_aჩაგანავა, გურამ _eრედაქტორი _97760 |
||
| 942 |
_cBK _2udc |
||